00861nam a22002177a 4500999001700000003000900017008004100026040007100067082001700138100002300155245009500178260003300273300002800306505011700334650001400451650002600465650001800491942001600509945002100525952009700546 c16139d16139AR-CdUCM190502b ||||| |||| 00| 0 spa d aMUNICIPALIDAD PROVINCIAL DEL CUSCOcBIBLIOTECA MUNICIPAL DEL CUSCO a891.4 /bK79 aKravchenko, Victor aEscogí la libertad :bla vida personal y política de un alto funcionario soviético / aMéxico :bLibertad,c1942. a594 páginas ;c20 cm. aContenido: Huida en la noche -- Infancia Rusa -- Gloria y hambre -- Juventud en rojo -- Ruptura con el pasado... aNovela95 aLiteratura rusa99988 aMoscú94830 2ddccLIBROS adavvd02/05/2019 002ddc4070aSHbSHcCARTd2019-05-02g70.00o891.4 / K79pSH0000011332r2019-05-02yLIBROS